000 00731nam a2200253Ia 4500
003 OSt
005 20220918190455.0
006 a|||||r|||| 00| 0
007 ta
008 220917b |||||||| |||| 00| 0 eng d
024 _a57,070
037 _cTextual
040 _aARTS
_cARTS
_beng
041 _2eng
_aeng
082 _aQ:(R), L22
100 _aArapura J G
_972744
245 0 _aReligion as anxiety and transquillity
_b essay in comparative phenomenology of the spirit
260 _aHague
_bMouton
_c1972
300 _aviii,146p.
_ccm.
490 _aReligion and reason , ed by Jacques Waard burg; 5
650 _aRELIGION
942 _hQ:(R), L22
_cTEXL
_2CC
999 _c185327
_d185327